An assessment of the value of planning agreements in Scotland (Record no. 108266)

MARC details
000 -LEADER
fixed length control field 01526cam a22003015a 4500
001 - CONTROL NUMBER
control field E143792
008 - FIXED-LENGTH DATA ELEMENTS--GENERAL INFORMATION
fixed length control field 080602s2008 xxk f 000 0 eng d
020 ## - INTERNATIONAL STANDARD BOOK NUMBER
International Standard Book Number 9780755970100
022 1# - INTERNATIONAL STANDARD SERIAL NUMBER
International Standard Serial Number 0950-2254
035 ## - SYSTEM CONTROL NUMBER
System control number (Sirsi) u143792
041 0# - LANGUAGE CODE
Language code of text/sound track or separate title eng
050 04 - LIBRARY OF CONGRESS CALL NUMBER
Classification number 711.1 $2 18
100 1# - MAIN ENTRY--PERSONAL NAME
Personal name McMaster, Raymond
245 03 - TITLE STATEMENT
Title An assessment of the value of planning agreements in Scotland
Medium [electronic resource]
260 ## - PUBLICATION, DISTRIBUTION, ETC.
Place of publication, distribution, etc. Edinburgh
Name of publisher, distributor, etc. Scottish Government Social Research
Date of publication, distribution, etc. 2008
520 ## - SUMMARY, ETC.
Summary, etc. Discusses the results of a study commissioned by the Scottish government into the value of planning agreements entered into by Scottish planning authorities between 2004 and 2007. The report also examines the purpose for which such agreements are being used, the ways in which they are secured and the potential value of such agreements in the period to 2010. Concludes that the number of planning applications linked to an agreement is low but rising, and suggests that the value of contributions over the period to 2010 could be as high as £167.1m.
521 ## - TARGET AUDIENCE NOTE
Target audience note Advanced
590 ## - LOCAL NOTE (RLIN)
Local note KA
650 24 - SUBJECT ADDED ENTRY--TOPICAL TERM
Topical term or geographic name entry element LOCAL GOVERNMENT (SCOTLAND) ACT 1973 S69
650 24 - SUBJECT ADDED ENTRY--TOPICAL TERM
Topical term or geographic name entry element TOWN AND COUNTRY PLANNING (SCOTLAND) ACT 1997 S75
651 #4 - SUBJECT ADDED ENTRY--GEOGRAPHIC NAME
Geographic name Scotland
Chronological subdivision 1999-
690 ## - LOCAL SUBJECT ADDED ENTRY--TOPICAL TERM (OCLC, RLIN)
Topical term or geographic name as entry element Planning and development
9 (RLIN) 6259
700 1# - ADDED ENTRY--PERSONAL NAME
Personal name U'ren, Graham
700 1# - ADDED ENTRY--PERSONAL NAME
Personal name Carnie, John
700 1# - ADDED ENTRY--PERSONAL NAME
Personal name Cooper, Steven
856 40 - ELECTRONIC LOCATION AND ACCESS
Uniform Resource Identifier <a href="https://www.scotland.gov.uk/Publications/2008/03/05114332/0">https://www.scotland.gov.uk/Publications/2008/03/05114332/0</a>
Public note View the report free of charge at www.scotland.gov.uk...
942 ## - ADDED ENTRY ELEMENTS (KOHA)
Suppress in OPAC 0
Holdings
Withdrawn status Lost status Source of classification or shelving scheme Damaged status Not for loan Home library Current library Shelving location Date acquired Total Checkouts Full call number Barcode Date last seen Copy number Price effective from Koha item type
    Dewey Decimal Classification     Virtual Virtual Online 02/06/2008   ONLINE PUBLICATION 143792-2001 06/08/2019 1 06/08/2019 Book